| 000 | 01034cam a2200325 i 4500 | ||
|---|---|---|---|
| 999 |
_c28222 _d28193 |
||
| 001 | 381933 | ||
| 003 | EG-ScBUE | ||
| 005 | 20200304120326.0 | ||
| 008 | 790130t1978 enka f b 001 0 eng d | ||
| 020 | _a0856643629 | ||
| 040 |
_aDLC _beng _erda _cDLC _dDLC _dEG-ScBUE |
||
| 082 | 0 | 4 |
_a658.401 _bBRI _222 |
| 100 | 1 |
_aBridge, John, _d1947- _eauthor. _94024 |
|
| 245 | 1 | 0 |
_aPlanning and the growth of the firm / _cJohn Bridge and J. C. Dodds. |
| 264 | 1 |
_aLondon : _bCroom Helm, _c[1978] |
|
| 264 | 4 | _cc1978 | |
| 300 |
_a211 pages : _billustrations ; _c23 cm |
||
| 336 |
_2rdacontent _atext _btxt |
||
| 337 |
_2rdamedia _aunmediated _bn |
||
| 338 |
_2rdacarrier _avolume _bnc |
||
| 504 | _aIncludes bibliographical references and index. | ||
| 650 | 7 |
_aBusiness planning. _2BUEsh |
|
| 650 | 7 |
_aManagerial economics. _2BUEsh |
|
| 653 |
_bBUSADM _cMarch2020 |
||
| 655 |
_vReading book _934232 |
||
| 700 | 1 |
_aDodds, J. C., _eauthor. _936705 |
|
| 906 |
_a7 _bcbc _corignew _d3 _encip _f19 _gy-gencatlg |
||
| 942 |
_2ddc _cBB |
||